Khoanh khac : (Record no. 28252)

MARC details
000 -LEADER
campo de control de longitud fija 01056cam a22003134a 4500
001 - NÚMERO DE CONTROL
campo de control 111401
005 - FECHA Y HORA DE LA ÚLTIMA TRANSACCIÓN
campo de control 20230410103917.0
008 - DATOS DE LONGITUD FIJA--INFORMACIÓN GENERAL
campo de control de longitud fija 051121s2005 vm a 000 0 vie
035 ## - NÚMERO DE CONTROL DEL SISTEMA
Número de control de sistema 14394981
010 ## - NÚMERO DE CONTROL DE LA BIBLIOTECA DEL CONGRESO
Número de control de LC 2006327822
040 ## - FUENTE DE CATALOGACIÓN
Centro catalogador/agencia de origen DLC
Centro/agencia transcriptor DLC
Centro/agencia modificador DLC
041 0# - CÓDIGO DE IDIOMA
Código de lengua del texto/banda sonora o título independiente vie
-- eng
-- fre
042 ## - CÓDIGO DE AUTENTICACIÓN
Código de autenticación lcode
043 ## - CÓDIGO DE ÁREA GEOGRÁFICA
Código de área geográfica a-vt---
050 14 - SIGNATURA TOPOGRÁFICA DE LA BIBLIOTECA DEL CONGRESO
Número de clasificación 438 DS 557.72
Número de ítem D631k 2005
100 1# - ENTRADA PRINCIPAL--NOMBRE DE PERSONA
Nombre de persona Doan, Cong Tinh,
Fechas asociadas al nombre 1943-
245 10 - MENCIÓN DEL TÍTULO
Título Khoanh khac :
Resto del título anh phong su ve chien tranh Viet Nam = Moment : photograph material on the Vietnam War = photos de guerre /
Mención de responsabilidad, etc. Doan Cong Tinh.
246 31 - FORMA VARIANTE DEL TITULO
Título propio/Titulo breve Moment :
Resto del título photograph material on the Vietnam war
246 30 - FORMA VARIANTE DEL TITULO
Título propio/Titulo breve Photos de guerre
260 ## - PUBLICACIÓN, DISTRIBUCIÓN, ETC.
Lugar de publicación, distribución, etc. [Ho Chi Minh City] :
Nombre del editor, distribuidor, etc. Nha xuat ban Thanh pho H́o Chi Minh,
Fecha de publicación, distribución, etc. 2005.
300 ## - DESCRIPCIÓN FÍSICA
Extensión 176 p. :
Otras características físicas chiefly ill. ;
Dimensiones 30 cm.
546 ## - NOTA DE IDIOMA
Nota de lengua/lenguaje Vietnamese, English, and French.
650 #0 - PUNTO DE ACCESO ADICIONAL DE MATERIA--TÉRMINO DE MATERIA
Término de materia o nombre geográfico como elemento de entrada Vietnam War, 1961-1975
Subdivisión de forma Pictorial works.
650 #4 - PUNTO DE ACCESO ADICIONAL DE MATERIA--TÉRMINO DE MATERIA
Término de materia o nombre geográfico como elemento de entrada Guerra de Vietnam, 1961-1975.
925 0# -
-- acquire
-- 1 shelf copy
-- policy default
942 ## - ELEMENTOS DE ENTRADA SECUNDARIOS (KOHA)
Fuente del sistema de clasificación o colocación Clasificación de Library of Congress
Tipo de ítem Koha
985 ## -
-- ODE-jk
946 ## - PROCESAMIENTO DE INFORMACIÓN LOCAL (OCLC)
a PP
Holdings
Estatus retirado Estado de pérdida Fuente del sistema de clasificación o colocación Estado de daño No para préstamo Colección Biblioteca de origen Biblioteca actual Ubicación en estantería Fecha de adquisición Serial enumeration / chronology Signatura topográfica completa Código de barras Visto por última vez Copia número Tipo de ítem Koha
    Clasificación de Library of Congress     Recursos Regionales Biblioteca Juan Bosch Biblioteca Juan Bosch Recursos Regionales (2do. Piso) 10/04/2023 1 438 DS 557.72 D631k 2005 00000067297 23/10/2018 1